I'm a backpacker : Germany

Bibliographic Details
Main Author: Khairul Abdullah
Format: Book
Published: Selangor : Puteh Press , 2017
Subjects:

MARC

LEADER 00000cam a2200000 7i4500
001 0000082524
005 20190204.0
008 190204
020 |a 9789673693573 
041 0 |a Malay 
090 0 0 |a 910.4   |b KHA 
100 0 |a Khairul Abdullah 
245 1 0 |a I'm a backpacker :   |b Germany   |c Khairul Abdullah 
260 |a Selangor :   |b Puteh Press ,   |c 2017 
300 |a 216p. :   |b col.ill. ;   |c 19.4cm. 
541 0 0 |c Purchased on 2018   |f 14/1908 DIAN   |h RM25.00 
650 0 |a Khairul Abdullah   |x Anecdotes 
650 0 |a Travel writing   |x Anecdotes 
999 |a 0001534925   |b Book   |c Adult Collection   |e Cawangan Bukit Gambir 
999 |a 0001534926   |b Book   |c Adult Collection   |e Cawangan Segamat 
999 |a 0001534927   |b Book   |c Adult Collection   |e Cawangan Tmn. Ungku Tun Aminah 
999 |a 0001534928   |b Book   |c Adult Collection   |e Cawangan Pontian 
999 |a 0001534929   |b Book   |c Adult Collection   |e Cawangan Muar 
999 |a 0001534930   |b Book   |c Adult Collection   |e Cawangan Mersing 
999 |a 0001534931   |b Book   |c Adult Collection   |e Cawangan Taman Sri Lambak 
999 |a 0001534932   |b Book   |c Adult Collection   |e Cawangan Bandar Tenggara 
999 |a 0001534933   |b Book   |c Adult Collection   |e Cawangan Tangkak 
999 |a 0001534934   |b Book   |c Adult Collection   |e Cawangan Batu Pahat 
999 |a 0001534935   |b Book   |c Adult Collection   |e Cawangan Kota Tinggi 
999 |a 0001534936   |b Book   |c Adult Collection   |e Cawangan Bandar Penawar 
999 |a 0001535156   |b Book   |c Adult Collection   |e Perbadanan Perpustakaan Awam Johor 
999 |a 0001535158   |b Book   |c Adult Collection   |e Cawangan Urban Transformation Centre 
999 |a 0001676859   |b Book   |c Adult Collection   |e Perbadanan Perpustakaan Awam Johor 
999 |a 0001701894   |b Book   |c Adult Collection   |e Cawangan Sri Merlong